000 00664nam a2200253Ia 4500
001 6034
005 20240113233859.0
007 ta
008 050624s1954 a g b000 u eng u
040 _aCotton College,Assam
041 _aeng
082 _a822.3309
_bk 744 Im
100 _aKnight, G. Wilson .
245 0 _aThe Imperial Theme /
_cG. Wilson Knight.
_hTextual Documents
250 _a1st ed. /
260 _aLondon :
_bMethuen & Co Ltd ,
_c1954.
300 _axiii, 367p. :
_bill ;
_c22cm .
653 _aEnglish drama-Criticism
653 _aG-English
942 _2ddc
_cBK
999 _c6021
_d6021